Review of wage fixation principles, July - September 1993.

Saved in:
Bibliografiske detaljer
Corporate Authors: Australia, Australia. Department of Industrial Relations
Format: Bog
Sprog:English
Udgivet: Canberra : Australian Govt. Pub. Service, c1994.
Fag:
LEADER 01568nam a2200385 a 4500
001 c000268858
003 CARM
005 20070824172622.0
008 940330s1994 acaa f000 0 eng d
019 1 |a 10792804  |z 23963056  |z 45184899  |5 LACONCORD2021 
020 |a 0644331283 (v. 1) 
020 |a 0644331291 (set) 
020 |a 0644331275 (v. 2) 
035 |a (OCoLC)38335947  |5 LACONCORD2021 
040 |a ANL  |b eng  |c ANL 
042 |a anuc 
043 |a u-at--- 
082 0 4 |a 354.9400835  |2 20 
082 0 4 |a 331.2150994 
110 1 |a Australia 
245 1 0 |a Review of wage fixation principles, July - September 1993. 
260 |a Canberra :  |b Australian Govt. Pub. Service,  |c c1994. 
300 |a 2 v. :  |b ill. ;  |c 25 cm. 
500 |a At head of title: Department of Industrial Relations. 
500 |a AGPS cat. no. 94-16397. 
504 |a Includes bibliographies. 
505 0 |a v. 1. Submission by the Commonwealth Government -- v. 2. Exhibits presented by the Commonwealth Government. 
650 0 |a Wages  |x Government policy  |z Australia. 
650 0 |a Wage-price policy  |z Australia. 
710 1 |a Australia.  |b Department of Industrial Relations 
852 8 |b CARM  |h A1:AN07D0  |i C09679  |p 0385901  |f BK 
852 8 |b CARM  |h A1:AN07D0  |i C09679  |p 0385902  |f BK 
999 f f |i 7bc8aca9-fb50-5f4a-84f0-1f27e14644dc  |s 4a14e445-9721-5860-9ef3-df02d60a8c6c 
952 f f |p Can circulate  |a CAVAL  |b CAVAL  |c CAVAL  |d CARM 1 Store  |e C09679  |f A1:AN07D0  |h Other scheme  |i book  |j v.2  |m 0385902 
952 f f |p Can circulate  |a CAVAL  |b CAVAL  |c CAVAL  |d CARM 1 Store  |e C09679  |f A1:AN07D0  |h Other scheme  |i book  |j v.1  |m 0385901